000 00342nam a2200157Ia 4500
008 100122s9999 xx 000 0 und d
082 _b62495
_a823
100 _aROBBINS HAROLD
245 _aNEVER ENOUGH
250 _a0
260 _bFORGE
_c2001
300 _a407
630 _aNEVER ENOUGH
730 _aNEVER ENOUGH
942 _cBOOK
999 _c378728
_d378725